| 000 | 00374nam a22001097a 4500 | ||
|---|---|---|---|
| 082 |
_a343.099 _bGUP |
||
| 100 | _aGUPTA , APAR | ||
| 245 |
_aCOMMENTARY ON INFORMATION TECHNOLOGY ACT _bCOMPREHENSIVE COMMENTARY ON THE INFORMATION TECHNOLOGY ACT 2000 WITH RULES REGULATIONS ORDERS GUIDELINES AND REPORT ETC |
||
| 260 |
_aNAGPUR _bWADHWA _c2007 |
||
| 300 | _a696 | ||
| 942 |
_2ddc _cBK |
||
| 999 |
_c25175 _d25175 |
||